Statika stavebných konštrukcií

Saved in:
Bibliographic Details
Main Author: Balažovjech, Vojtech (Author)
Format: Book
Language:Slovak
Published: Bratislava : SVŠT v Bratislave, 1977
Edition:2.vyd. - 1.dotlač
Tags: Add Tag
No Tags, Be the first to tag this record!

MARC

LEADER 00000nam a22000003a 4500
001 stu91427
005 20150617225623.5
008 041110s1977----cs------------------slo-d
040 |a STU  |b slo 
041 0 |a slo 
044 |a cs 
080 |a 624.041(075.8)  |7 stu_us_auth*stu4346 
100 1 |a Balažovjech, Vojtech  |4 aut 
245 1 |a Statika stavebných konštrukcií 
250 |a 2.vyd. - 1.dotlač 
260 |a Bratislava :  |b SVŠT v Bratislave,  |c 1977 
300 |a 313 s 
996 |b 284V025154  |c V*2918/S-78  |l VVS  |s A  |a 24  |w stu91427_0001 
996 |b 284V025144  |c V*2885/S-78  |l VVS  |s A  |a 24  |w stu91427_0002